000 00292nam a22001337a 4500
008 180904b xxu||||| |||| 00| 0 eng d
020 _a0723427879
041 _aeng
080 _a617
100 _a6
101 _aANE
245 _aFoundations of Anesthesia
_cHemmings, H
942 _2udc
_cBK
999 _c47500
_d47500